Pokémon - Les attaques de Monaflèmit - Statistiques

Statistiques générales
  • Ce quiz a été pris 33 fois
  • Le résultat moyen est 5 sur 14
Statistiques - réponses
Niveaux Types Noms des attaques % Correct
Départ Normal Griffe
82%
Départ Niveau 9 Normal Paresse
71%
Départ Normal Bâillement
65%
Niveau 17 Psy Amnésie
53%
Niveau 33 Combat Riposte
53%
Niveau 14 Ténèbres Feinte
41%
Départ Niveau 47 Ténèbres Dégommage
35%
Niveau 27 Normal Attrition
29%
Départ Niveau 61 Combat Marto-Poing
24%
Départ Niveau 6 Normal Encore
6%
Niveau 39 Normal Fléau
6%
Niveau 23 Normal Implore
6%
Départ Niveau 53 Ténèbres Punition
6%
Départ Évolution Normal Vantardise
6%
Aucun quiz correspondant
Distribution des résultats
% des personnes avec chaque résultat
Percentile par nombre de réponses
Votre historique - résultats
Vous n’avez pas pris ce quiz